Personajes Históricos de México por Imagen #1 - Estadísticas

Estadísticas generales
  • Esta prueba ha sido intentada 143 veces
  • La puntuación promedio es 11 de 20
Estadísticas de respuestas
Imagen Hint Respuesta % Correcto
(1806-1872) Benito Juárez
89%
(1753-1811) Miguel Hidalgo
85%
(1878-1923) Pancho Villa
84%
(1879-1919) Emiliano Zapata
83%
(1830-1915) Porfirio Díaz
80%
(1911-1993) Cantinflas
79%
(1907-1954) Frida Kahlo
79%
(1859-1920) Venustiano Carranza
69%
(1895-1970) Lázaro Cárdenas
61%
(1873-1913) Francisco I. Madero
60%
(1786-1843) Guadalupe Victoria
52%
(1402-1472) Nezahualcóyotl
49%
(1496-1525) Cuauhtémoc
46%
(1880-1928) Álvaro Obregón
40%
(1877-1945) Plutarco Elías Calles
40%
(1794-1876) Antonio López de Santa Anna
27%
(1789-1842) Leona Vicario
25%
(1896-1974) David Alfaro Siqueiros
17%
(1792-1853) Lucas Alamán
8%
(1902-1988) Luis Barragán
6%
No se encontraron pruebas coincidentes
Distribución de puntuación
Porcentaje de gente con cada puntuación
Porcentaje por número respondido
Historial de tus puntuaciones
No has intentado esta prueba.